| 000 | 00868nas a2200265 4500 | ||
|---|---|---|---|
| 001 | BR2019001212 | ||
| 003 | BR-BrBNA | ||
| 005 | 20231205131857.0 | ||
| 007 | ta | ||
| 008 | 230509b bl.|||p| |||| 00| 00por d | ||
| 040 |
_aBR-BrBNA _bpor _cBiblioteca Nacional de Agricultura |
||
| 041 | _a(Pt) | ||
| 072 | _aF50; F63 | ||
| 100 | 1 | _aVello, F. | |
| 111 | 1 |
_a16. Congresso da Sociedade Botânica do Brasil _cItabuna, BA (Brazil) _dJan 1965 |
|
| 245 | 1 | _aEstudos sobre a segregação do caráter cor de amêndoas de cacau | |
| 650 | _aPOLINIZAÇÃO | ||
| 650 | _aCARACTERÍSTICAS AGRONÔMICAS | ||
| 650 | _aPIGMENTAÇÃO | ||
| 650 | _aCOR | ||
| 773 | 0 |
_tRevista Theobroma (Brazil) _xISSN 0370-7962 _g(Apr-Jun 1972), v. 2(2) p. 10-14 _wBR2019001212 |
|
| 856 | 4 | 0 | _dLink DSPACE/MAPA BR2019001212 |
| 909 |
_a202311 _bLúcia _c55 _dLúcia Elande |
||
| 942 |
_2AGRIS _n0 _cANA |
||
| 999 |
_c257229 _d257229 |
||